European Island Nations! - Statistics

General Stats
  • This quiz has been taken 67 times
  • The average score is 5 of 5
Answer Stats
Answer % Correct
Ireland
98%
UK
98%
Iceland
97%
Malta
95%
Cyprus
83%
No matching quizzes found
Score Distribution
Percent of People with Each Score
Percentile by Number Answered
Your Score History
You have not taken this quiz